The Wayne hand-book of Nashville, and the Tennessee centennial exposition ... (Record no. 52057)
[ view plain ]
| 000 -LEADER | |
|---|---|
| fixed length control field | 00981cam a22002531 4500 |
| 001 - CONTROL NUMBER | |
| control field | rc 01001312 |
| 003 - CONTROL NUMBER IDENTIFIER | |
| control field | DLC |
| 005 - DATE AND TIME OF LATEST TRANSACTION | |
| control field | 20260227111903.0 |
| 007 - PHYSICAL DESCRIPTION FIXED FIELD--GENERAL INFORMATION | |
| fixed length control field | cr_||||||||||| |
| 008 - FIXED-LENGTH DATA ELEMENTS--GENERAL INFORMATION | |
| fixed length control field | 850914s1897 inuacf 000 0 eng |
| 010 ## - LIBRARY OF CONGRESS CONTROL NUMBER | |
| LC control number | rc 01001312 |
| 035 ## - SYSTEM CONTROL NUMBER | |
| System control number | (OCoLC)12548494 |
| 040 ## - CATALOGING SOURCE | |
| Original cataloging agency | DLC |
| Transcribing agency | T |
| Modifying agency | DLC |
| 042 ## - AUTHENTICATION CODE | |
| Authentication code | premarc |
| 050 00 - LIBRARY OF CONGRESS CALL NUMBER | |
| Classification number | F444.N2 |
| Item number | W3 |
| 245 04 - TITLE STATEMENT | |
| Title | The Wayne hand-book of Nashville, and the Tennessee centennial exposition ... |
| Remainder of title | A complete guide-book for tourists ... |
| 260 ## - PUBLICATION, DISTRIBUTION, ETC. | |
| Place of publication, distribution, etc. | Ft. Wayne, Ind., |
| Name of publisher, distributor, etc. | Wayne Publishing Company, |
| Date of publication, distribution, etc. | 1897. |
| 300 ## - PHYSICAL DESCRIPTION | |
| Extent | 119, [13] p. |
| Other physical details | incl. front., illus. (incl. ports.) fold. plan. |
| Dimensions | 16 cm. |
| 500 ## - GENERAL NOTE | |
| General note | Includes advertising matter. |
| 530 ## - ADDITIONAL PHYSICAL FORM AVAILABLE NOTE | |
| Additional physical form available note | Also available in digital form on the Internet Archive Web site. |
| 651 #0 - SUBJECT ADDED ENTRY--GEOGRAPHIC NAME | |
| Geographic name | Nashville (Tenn.) |
| General subdivision | Description and travel. |
| 611 10 - SUBJECT ADDED ENTRY--MEETING NAME | |
| Meeting name or jurisdiction name as entry element | Nashville. |
| Name of meeting following jurisdiction name entry element | Tennessee Centennial and International Exposition, |
| Date of meeting or treaty signing | (1897) |
| Form subdivision | Guidebooks. |
| 856 41 - ELECTRONIC LOCATION AND ACCESS | |
| Uniform Resource Identifier | <a href="http://hdl.loc.gov/loc.gdc/scd0001.00059084422">http://hdl.loc.gov/loc.gdc/scd0001.00059084422</a> |
No items available.